000 00392pam a2200145a 44500
008 230405s2015 xxu||||| |||| 00| 0 eng d
020 _a8189966596
_cRs. 225
082 _a610.73
_bRED
100 _aReddi,Rani.Modem
245 _aManagement of Nursing Services and Education
250 _a2nd Ed.
260 _aHyderabad
_bFrontline Publication
_c2015
300 _a325 p
906 _a003089
999 _c251577
_d251577